00546nam a2200145 a 450000100100000000500170001000800410002704000250006808200080009310000200010124501340012126000930025530000370034870000150038500003967820201002033656.0130715s2008 dr ad 000 0 spa d aDO-SdBNPbspacBNPHU axxx1 aOrtíz, Marina10aOferta exportable de las pequeñas empresas en el sector de alimentos en la República Dominicana /cMarina Ortíz, Rita Mena. aSanto Domingo :bOficina del Ordenador Nacional para los Fondos Europeos (ONFED),c2008. a150 p. :bil., diagrs. ;c26 cm. aMena, Rita